<?xml version="1.0" encoding="UTF-8"?>
<collection xmlns:xsi="http://www.w3.org/2001/XMLSchema-instance" xsi:schemaLocation="http://www.loc.gov/MARC21/slim http://www.loc.gov/standards/marcxml/schema/MARC21slim.xsd" xmlns="http://www.loc.gov/MARC21/slim">
 <record>
  <leader>00000cam a22000003i 4500</leader>
  <controlfield tag="001">UP-1685594773861923572</controlfield>
  <controlfield tag="003">Buklod</controlfield>
  <controlfield tag="005">20240427160740.0</controlfield>
  <controlfield tag="006">ta    rb   |||| u|</controlfield>
  <controlfield tag="007">ta</controlfield>
  <controlfield tag="008">151014s2013    caua    rb   |||1 u|eng d</controlfield>
  <datafield tag="020" ind1=" " ind2=" ">
   <subfield code="a">9781412991346 (cloth)</subfield>
  </datafield>
  <datafield tag="035" ind1=" " ind2=" ">
   <subfield code="a">(iLib)UPBAG-00010328390</subfield>
  </datafield>
  <datafield tag="037" ind1=" " ind2=" ">
   <subfield code="a">GRC-2907</subfield>
   <subfield code="c">Php6,727.50</subfield>
  </datafield>
  <datafield tag="040" ind1=" " ind2=" ">
   <subfield code="a">DLC</subfield>
   <subfield code="d">BAG</subfield>
   <subfield code="e">rda</subfield>
  </datafield>
  <datafield tag="041" ind1="0" ind2=" ">
   <subfield code="a">eng</subfield>
  </datafield>
  <datafield tag="090" ind1=" " ind2="0">
   <subfield code="a">HA 31.35</subfield>
   <subfield code="b">W37 2013</subfield>
  </datafield>
  <datafield tag="100" ind1="1" ind2=" ">
   <subfield code="a">Warner, Rebecca M.</subfield>
   <subfield code="e">author.</subfield>
  </datafield>
  <datafield tag="245" ind1="1" ind2="0">
   <subfield code="a">Applied statistics</subfield>
   <subfield code="b">from bivariate through multivariate techniques</subfield>
   <subfield code="c">Rebecca M. Warner.</subfield>
  </datafield>
  <datafield tag="250" ind1=" " ind2=" ">
   <subfield code="a">2 edition.</subfield>
  </datafield>
  <datafield tag="264" ind1=" " ind2="1">
   <subfield code="a">Thousand Oaks, California</subfield>
   <subfield code="b">Sage Publications, Inc.</subfield>
   <subfield code="c">[2013]</subfield>
  </datafield>
  <datafield tag="300" ind1=" " ind2=" ">
   <subfield code="a">xxxiii, 1172 pages</subfield>
   <subfield code="b">illustrations</subfield>
   <subfield code="c">26 cm</subfield>
  </datafield>
  <datafield tag="336" ind1=" " ind2=" ">
   <subfield code="a">text</subfield>
   <subfield code="2">rdacontent</subfield>
  </datafield>
  <datafield tag="337" ind1=" " ind2=" ">
   <subfield code="a">unmediated</subfield>
   <subfield code="2">rdamedia</subfield>
  </datafield>
  <datafield tag="338" ind1=" " ind2=" ">
   <subfield code="a">volume</subfield>
   <subfield code="2">rdacarrier</subfield>
  </datafield>
  <datafield tag="504" ind1=" " ind2=" ">
   <subfield code="a">Includes bibliographical references and index.</subfield>
  </datafield>
  <datafield tag="505" ind1="0" ind2=" ">
   <subfield code="a">Chapter 1. Review of basic concepts -- Chapter 2. Basic statistics, sampling error, and confidence intervals -- Chapter 3. Statistical significance testing -- Chapter 4. Preliminary data screening -- Chapter 5. Comparing Group Means Using the Independent Samples t Test -- Chapter 6. One-Way Between-Subjects Analysis of Variance -- Chapter 7. Bivariate Pearson Correlation -- Chapter 8. Alternative Correlation Coefficients -- Chapter 9. Bivariate Regression -- Chapter 10. Adding a Third Variable: Preliminary Exploratory Analyses -- Chapter 11. Multiple Regression With Two Predictor Variables -- Chapter 12. Dummy Predictor Variables in Multiple Regression -- Chapter 13. Factorial Analysis of Variance -- Chapter 14. Multiple Regression With More Than Two Predictors -- Chapter 15. Moderation: Tests for Interaction in Multiple Regression -- Chapter 16. Mediation -- Chapter 17. Analysis of Covariance -- Chapter 18. Discriminant Analysis -- Chapter 19. Multivariate Analysis of Variance -- Chapter 20. Principal Components and Factor Analysis -- Chapter 21. Reliability, Validity, and Multiple-Item Scales -- Chapter 22. 	Analysis of Repeated Measures -- Chapter 23. Binary Logistic Regression.</subfield>
  </datafield>
  <datafield tag="650" ind1=" " ind2="0">
   <subfield code="a">Social sciences</subfield>
   <subfield code="x">Statistical methods.</subfield>
  </datafield>
  <datafield tag="650" ind1=" " ind2="0">
   <subfield code="a">Psychology</subfield>
   <subfield code="x">Statistical methods.</subfield>
  </datafield>
  <datafield tag="650" ind1=" " ind2="0">
   <subfield code="a">Multivariate analysis.</subfield>
  </datafield>
  <datafield tag="905" ind1=" " ind2=" ">
   <subfield code="a">FO</subfield>
  </datafield>
  <datafield tag="852" ind1="0" ind2=" ">
   <subfield code="a">UPBAG</subfield>
   <subfield code="b">GRC</subfield>
   <subfield code="h">HA 31.35 W37 2013</subfield>
  </datafield>
  <datafield tag="942" ind1=" " ind2=" ">
   <subfield code="a">Book</subfield>
  </datafield>
 </record>
</collection>
